Muerte súbita - Futbolistas que han ganado la copa del Rey - Estadísticas

Estadísticas generales
  • Esta prueba ha sido intentada 253 veces
    252 desde el último reinicio
  • La puntuación promedio es 10 de 29
Answers on the Grid
Answers color-coded by a green-red scale on the quiz's grid according to % correct below.
Álvaro Morata
Álvaro Odriozola
Ander Herrera
Andrés Iniesta
Ansu Fati
Aritz Aduriz
Asier Illarramendi
Borja Iglesias
Carlos Vela
Cristiano Ronaldo
Dani Parejo
David Villa
Diego Costa
Éver Banega
Fran García
Iker Casillas
Isco
James Rodríguez
Jesús Navas
Joaquín Sánchez
Kevin Gameiro
Koke
Leo Messi
Marc Bartra
Marcos Llorente
Martin Odegaard
Mateo Kovacic
Nacho Monreal
Nico Williams
Óscar de Marcos
Philippe Coutinho
Raúl Albiol
Roberto Soldado
Rodri
Saúl Ñíguez
Sergio Agüero
Sergio Reguilón
Toni Kroos
Vinícius Júnior
Vitolo
 
Estadísticas de respuestas
Respuesta % Correcto
Andrés Iniesta
78%
Iker Casillas
63%
Leo Messi
59%
Álvaro Morata
57%
Ansu Fati
57%
Cristiano Ronaldo
52%
David Villa
49%
Toni Kroos
49%
Isco
46%
Joaquín Sánchez
44%
Nico Williams
44%
Vinícius Júnior
44%
Álvaro Odriozola
33%
Borja Iglesias
33%
Ander Herrera
32%
Marc Bartra
31%
Dani Parejo
29%
Koke
29%
Asier Illarramendi
28%
Óscar de Marcos
23%
Diego Costa
22%
Jesús Navas
21%
Martin Odegaard
16%
Philippe Coutinho
16%
Raúl Albiol
13%
Éver Banega
10%
Kevin Gameiro
10%
Nacho Monreal
10%
Saúl Ñíguez
7%
No se encontraron pruebas coincidentes
Distribución de puntuación
Porcentaje de gente con cada puntuación
Porcentaje por número respondido
Historial de tus puntuaciones
No has intentado esta prueba desde el último reinicio